Central Library OPAC University of Rajshahi

Inflation, economic growth, and the balance of payments in Bangladesh : (Record no. 58523)

MARC details
000 -LEADER
fixed length control field 01096nam a2200301 a 4500
001 - CONTROL NUMBER
control field 58523
003 - CONTROL NUMBER IDENTIFIER
rucl marc code BD-RJUL
005 - DATE AND TIME OF LATEST TRANSACTION
control field 20211209080630.0
008 - FIXED-LENGTH DATA ELEMENTS--GENERAL INFORMATION
fixed length control field 161218s1995 ii 001 0 eng
020 ## - INTERNATIONAL STANDARD BOOK NUMBER
International Standard Book Number 9840512897
035 ## - SYSTEM CONTROL NUMBER
System control number BD-RJUL 58647
System control number (OCoLC)33478477
040 ## - CATALOGING SOURCE
Original cataloging agency DLC
Transcribing agency DLC
Modifying agency MYG
Language of cataloging eng
041 ## - LANGUAGE CODE
Language code of text/sound track or separate title eng
082 00 - DEWEY DECIMAL CLASSIFICATION NUMBER
Classification number 339.5095492
Edition number 20
Author mark and year HOI 1995
100 1# - MAIN ENTRY--PERSONAL NAME
Personal name Hossain, Akhand Akhtar.
9 (RLIN) 173854
245 10 - TITLE STATEMENT
Title Inflation, economic growth, and the balance of payments in Bangladesh :
Remainder of title a macroeconomic study /
Statement of responsibility, etc. M. Akhtar Hossain.
260 ## - PUBLICATION, DISTRIBUTION, ETC. (IMPRINT)
Place of publication, distribution, etc. Delhi :
Name of publisher, distributor, etc. Oxford University Press,
Date of publication, distribution, etc. 1995.
300 ## - PHYSICAL DESCRIPTION
Pagination vii, 396 p. ;
Size 23 cm.
500 ## - GENERAL NOTE
General note Revision of the author's thesis (Ph. D.)--La Trobe University.
504 ## - BIBLIOGRAPHY, ETC. NOTE
Bibliography, etc Includes bibliographical references (p. [369]-389) and index.
650 #0 - SUBJECT ADDED ENTRY--TOPICAL TERM
Topical term or geographic name as entry element Inflation (Finance)
Geographic subdivision Bangladesh
General subdivision Econometric models.
9 (RLIN) 173855
Topical term or geographic name as entry element Balance of payments
Geographic subdivision Bangladesh
General subdivision Econometric models.
9 (RLIN) 173856
Topical term or geographic name as entry element Monetary policy
Geographic subdivision Bangladesh.
9 (RLIN) 173857
942 ## - ADDED ENTRY ELEMENTS (KOHA)
Source of classification or shelving scheme Dewey Decimal Classification
Koha item type Books
949 ## - LOCAL PROCESSING INFORMATION (OCLC)
a d
p 39080009591873
Holdings
Lost status Source of classification or shelving scheme Damaged status Not for loan Collection code Permanent Location Current Location Shelving location Date acquired Source of acquisition Cost, normal purchase price Total Checkouts Full call number Date last seen Copy number Koha item type
  Dewey Decimal Classification   Not For Loan Non-fiction Central Library, University of Rajshahi Central Library, University of Rajshahi Reading Room 15/02/1999 Karim International 420.00   339.5095492 HOI 1995 18/12/2016 C-1 Books